000
00342nam a2200145Ia 4500
008
150301s2014 xx 000 0 und d
082
_a
611
_b
E14K
100
_a
KOTHARI, MANU L.
245
_a
ESSENTIALS OF HUMAN GEMETICS
250
_a
5TH
260
_b
UNI.PUB.
_a
INDIA
_c
2014
300
_a
488
650
_a
HUMAN ANATOMY
942
_2
ddc
_c
BK
999
_c
6733
_d
6733